000 00307nam a22001337a 4500
008 170627b xxu||||| |||| 00| 0 eng d
020 _a9781412944717
041 _aeng
080 _a32
100 _a21
101 _aSHP
245 _aCONTEMPORARY READINGS IN GLOBALIZATION
_cSERNAU,S.R
942 _2udc
_cBK
999 _c19144
_d19144